Introduction to parallel processing (Record no. 172366)

MARC details
000 -LEADER
fixed length control field 00435nam a2200157Ia 4500
005 - DATE AND TIME OF LATEST TRANSACTION
control field 20250225095755.0
008 - FIXED-LENGTH DATA ELEMENTS--GENERAL INFORMATION
fixed length control field 231217s9999 xx 000 0 und d
020 ## - INTERNATIONAL STANDARD BOOK NUMBER
International Standard Book Number 8120316193
082 ## - DEWEY DECIMAL CLASSIFICATION NUMBER
Classification number 621.381952 SAS;1 R
100 ## - MAIN ENTRY--PERSONAL NAME
Personal name Sasikumar, M Shikhare, Dinesh Ravi, Prakash, P
245 #0 - TITLE STATEMENT
Title Introduction to parallel processing
260 ## - PUBLICATION, DISTRIBUTION, ETC. (IMPRINT)
Date of publication, distribution, etc. 2000
Name of publisher, distributor, etc. PHI
Place of publication, distribution, etc. New Delhi
300 ## - PHYSICAL DESCRIPTION
Extent viii+266
650 ## - SUBJECT ADDED ENTRY--TOPICAL TERM
Topical term or geographic name as entry element parallel,processing
942 ## - ADDED ENTRY ELEMENTS (KOHA)
Koha item type Books
Holdings
Date last seen Total Checkouts Full call number Accession number Old discount Cost, replacement price Price effective from Category Lost status Damaged status Department Withdrawn status bill no. bill date Permanent Location Current Location Shelving location Entry date Vendor Cost, normal purchase price Grants Currency symbol Conversion rate Discount Discount type
26/01/2024   621.381952 SAS;1 R 28310 25 112.50 26/01/2024 Books     Central Library   200 01/06/2012 Central Library Central Library Central Library 22/05/2004 I K International 150.00 IS RS 1 37.5 Rupees
26/01/2024   621.381952 SAS;2 R1 35469 20 120.00 05/06/2005 Books     Central Library   19 08/10/2007 Central Library Central Library Central Library 06/05/2005 Allied publ. 150.00 IS RS 1 30 Rupees
26/01/2024   621.381952 SAS;3 35470 20 120.00 05/06/2005 Books     Central Library   19 08/10/2007 Central Library Central Library Central Library 06/05/2005 Allied publ. 150.00 IS RS 1 30 Rupees
26/01/2024   621.381952 SAS;4 42642 21 118.50 26/01/2024 Books     CS   35931 13/08/2008 Central Library Central Library CS 19/08/2006 Sapna Book House 150.00 CS/PG RS 1 31.5 Rupees

© For any Suggestions or Query, please contact the library staff @ librarian@pes.edu or Phone: +9180 2672 1983/ 2108.